<?xml version="1.0" encoding="utf-8"?>
<?xml-stylesheet type='text/xsl' href='./oai2.xsl'?>
<OAI-PMH xmlns="http://www.openarchives.org/OAI/2.0/" xmlns:xsi="http://www.w3.org/2001/XMLSchema-instance" xsi:schemaLocation="http://www.openarchives.org/OAI/2.0/ http://www.openarchives.org/OAI/2.0/OAI-PMH.xsd">
  <responseDate>2026-06-05T20:57:31Z</responseDate>
  <request verb="GetRecord" metadataPrefix="marcxml" identifier="record_kuniweb_163201">https://kulturerbe.niedersachsen.de/oai</request>
  <GetRecord>
    <record>
      <header>
        <identifier>record_kuniweb_163201</identifier>
        <datestamp>2025-08-28T09:38:22Z</datestamp>
        <setSpec>slg0137</setSpec>
      </header>
      <metadata>
        <marc:record xmlns:marc="http://www.loc.gov/MARC21/slim" xsi:schemaLocation="http://www.loc.gov/MARC21/slim http://www.loc.gov/standards/marcxml/schema/MARC21slim.xsd">
          <marc:leader>12345nkm  22     uu 4500</marc:leader>
          <marc:controlfield tag="001">163201</marc:controlfield>
          <marc:controlfield tag="003">http://kuniweb.gbv.de</marc:controlfield>
          <marc:controlfield tag="005">2018-11-05T19:00:18</marc:controlfield>
          <marc:controlfield tag="008">|           ||||||||||||||||||||||</marc:controlfield>
          <marc:datafield tag="245" ind1="1" ind2="0">
            <marc:subfield code="a">Steinbüchse zum Kollergang, 1886</marc:subfield>
          </marc:datafield>
          <marc:datafield tag="655" ind1=" " ind2="7">
            <marc:subfield code="a">Grafik</marc:subfield>
          </marc:datafield>
          <marc:datafield tag="046" ind1=" " ind2=" ">
            <marc:subfield code="k">1886-06-24</marc:subfield>
            <marc:subfield code="k">24.06.1886</marc:subfield>
          </marc:datafield>
          <marc:datafield tag="260" ind1=" " ind2=" ">
            <marc:subfield code="g">1886-06-24</marc:subfield>
            <marc:subfield code="g">24.06.1886</marc:subfield>
          </marc:datafield>
          <marc:datafield tag="520" ind1=" " ind2=" ">
            <marc:subfield code="a">Zeichnung – koloriert        
Herstellungsort – Königshütte, (Bad) Lauterberg

Auftraggeber und Standort – keine Angaben

Anmerkung zum Objekt:
Der Kollergang ist ein Mahlwerk zum Zerkleinern und zum Mischen von Steinen, Erzen und Lebensmitteln. Ein bis zwei aufrecht stehende schwere Scheiben, die sogenannten Läufer, drehen sich auf einer Bodenplatte um eine senkrechte Achse und zermahlen so den Inhalt. Kollergänge eignen sich zum Mahlen von klebrigem, nassen, feuchten oder trockenen Material. 
... Ein Kollergang arbeitet normalerweise absatzweise, das heißt das Mahlgut wird in den leeren Kollergang gegeben, gemahlen und anschließend bei stillstehenden Läufern entfernt, bevor die Maschine erneut beschickt werden kann. Aufgrund dieses diskontinuierlichen Vorgehens wurde der Kollergang im Laufe der Zeit durch den kontinuierlich arbeitenden Walzenstuhl abgelöst. Bei manchen Prozessen jedoch erlaubt der Kollergang einen kontinuierlichen Ablauf und ist daher noch Stand der Technik, etwa bei Pelletierpressen.
... Der Kollergang ist in modernen Produktionsstätten kaum mehr anzutreffen, da große, teure Steine benötigt werden. Im Kollergang besteht auch die Tendenz, dass ein Teil des Mahlgutes weggeschleudert wird. Daher werden heute meist Walzenstühle eingesetzt.
aus:
Kollergang – Wikipedia
https://de.wikipedia.org/wiki/Kollergang


 (Förderkreis Königshütte Bad Lauterberg e.V.)

Maßstab: 1 zu 10</marc:subfield>
          </marc:datafield>
          <marc:datafield tag="650" ind1="1" ind2=" ">
            <marc:subfield code="a">Müllereitechnologie</marc:subfield>
          </marc:datafield>
          <marc:datafield tag="650" ind1="1" ind2=" ">
            <marc:subfield code="a">Kollergang</marc:subfield>
          </marc:datafield>
          <marc:datafield tag="650" ind1="1" ind2=" ">
            <marc:subfield code="a">Grafik, Fotografie &gt; Zeichnung</marc:subfield>
          </marc:datafield>
          <marc:datafield tag="773" ind1="0" ind2=" ">
            <marc:subfield code="t">Maschinen</marc:subfield>
          </marc:datafield>
          <marc:datafield tag="852" ind1=" " ind2=" ">
            <marc:subfield code="a">Industriedenkmal Königshütte Bad Lauterberg im Harz</marc:subfield>
          </marc:datafield>
          <marc:datafield tag="" ind1=" " ind2=" ">
            <marc:subfield code="a">Namensnennung - Nicht kommerziell - Keine Bearbeitungen 4.0 International (CC BY-NC-ND 4.0)</marc:subfield>
          </marc:datafield>
        </marc:record>
      </metadata>
    </record>
  </GetRecord>
</OAI-PMH>
